000 00568nam a2200169Ia 4500
003 GCL
008 140319s9999 xx 000 0 ara d
040 _aGCL /
_cGCL
082 0 4 _a219.1
_bخ م
100 1 _aخالد محمد خالد
245 1 0 _aمن هنا نبدا (هدية من الاديب عبدالفتاح الجمل) /
_cخالد محمد خالد
300 _a224 ص
490 _aالهيئة العامة للاستعلامات
_v0
650 0 4 _aالاسلام والمجتمع
650 0 4 _aالاسلام والاشتراكية
942 _2ddc
_cBK
999 _c47514
_d47514